000 00786nam a22002177a 4500
999 _c11299
_d11299
003 AR-CdUCM
008 190403b ||||| |||| 00| 0 spa d
020 _a958-05-0594-2
040 _aMUNICIPALIDAD PROVINCIAL DEL CUSCO
_cBIBLIOTECA MUNICIPAL DEL CUSCO
082 _aEP / 372.460 /
_bL83
100 _aLópez-Ruiz, Juan
_928603
245 _aAvanzo 4 :
_bTécnicas de Lectura, Ejercicios de Lenguaje , Comprensión de Lectura /
260 _aLima :
_bLibum,
300 _a144 páginas ;
_bIlustraciones
_c28 cm
505 _aContenido: Lectura y comprensión -- Lectura e interpretación -- Narración oral de cuentos -- Lecturas...
650 _aLecturas
_96094
650 _aLenguaje
_93528
650 _aEducación primaria
_91561
942 _2ddc
_cLIBROS
945 _anom